Online
Catalog

Caminos y encuentros / (Record no. 9197)

MARC details
000 -CABECERA
campo de control de longitud fija 00602cam a2200193 a 4500
001 - NÚMERO DE CONTROL
campo de control 000009437
005 - FECHA Y HORA DE LA ÚLTIMA TRANSACCIÓN
campo de control 20200929161608.0
008 - DATOS DE LONGITUD FIJA--INFORMACIÓN GENERAL
campo de control de longitud fija 030228s2001 xx 000 0 spa
020 ## - NÚMERO INTERNACIONAL ESTÁNDAR DEL LIBRO
Número Internacional Estándar del Libro 9789962021445
040 ## - FUENTE DE LA CATALOGACIÓN
Centro catalogador/agencia de origen DO-SdBNP
Lengua de catalogación spa
Centro/agencia transcriptor BNPHU
Centro/agencia modificador BNPHU
082 ## - NÚMERO DE LA CLASIFICACIÓN DECIMAL DEWEY
Número de clasificación P863.44
Número de documento/Ítem T172c
100 1# - ENTRADA PRINCIPAL--NOMBRE DE PERSONA
Nombre de persona Tapia Rodríguez, Rose Marie,
Fechas asociadas al nombre 1947-
9 (RLIN) 24234
245 10 - MENCIÓN DE TÍTULO
Título Caminos y encuentros /
Mención de responsabilidad, etc. Rose Marie Tapia.
260 ## - PUBLICACIÓN, DISTRIBUCIÓN, ETC.
Lugar de publicación, distribución, etc. s.l. :
Nombre del editor, distribuidor, etc. Alvarado,
Fecha de publicación, distribución, etc. 200?.
300 ## - DESCRIPCIÓN FÍSICA
Extensión 197 p. ;
Dimensiones 21 cm.
500 ## - NOTA GENERAL
Nota general La biblioteca posee un ejemplar autobiografiado.
650 #4 - PUNTO DE ACCESO ADICIONAL DE MATERIA--TÉRMINO DE MATERIA
Término de materia o nombre geográfico como elemento de entrada Novela panameña
9 (RLIN) 21757
650 #4 - PUNTO DE ACCESO ADICIONAL DE MATERIA--TÉRMINO DE MATERIA
Término de materia o nombre geográfico como elemento de entrada Literatura panameña
9 (RLIN) 4261
Holdings
Estado de retiro Estado de pérdida Restricciones de uso No para préstamo Código de colección Localización permanente Ubicación/localización actual Ubicación en estantería Fecha de adquisición Número de inventario Total de préstamos Signatura topográfica completa Código de barras Fecha visto por última vez Precio válido a partir de Tipo de ítem Koha
      Excluido de préstamo Monografías: Libros y Folletos General General Depósito 29.09.2009 LF1   P863.44 T172c 9437-10 25.06.2020 25.06.2020 No se presta
        Monografías: Libros y Folletos General General Orden iniciada 29.05.2017 LF1   P863.44 T172c 9437-20 25.06.2020 25.06.2020 No se presta

Powered by Koha